<?xml version="1.0" encoding="UTF-8"?>
<record
    xmlns:xsi="http://www.w3.org/2001/XMLSchema-instance"
    xsi:schemaLocation="http://www.loc.gov/MARC21/slim http://www.loc.gov/standards/marcxml/schema/MARC21slim.xsd"
    xmlns="http://www.loc.gov/MARC21/slim">

  <leader>02419nam a2200313uu 4500</leader>
  <controlfield tag="001">1479906</controlfield>
  <controlfield tag="005">20260508092121.0</controlfield>
  <controlfield tag="007">co|||||||</controlfield>
  <controlfield tag="008">171127s2017                        spa  </controlfield>
  <datafield tag="035" ind1=" " ind2=" ">
    <subfield code="a">1479906</subfield>
  </datafield>
  <datafield tag="040" ind1=" " ind2=" ">
    <subfield code="c">comduadb</subfield>
  </datafield>
  <datafield tag="041" ind1=" " ind2=" ">
    <subfield code="a">spa</subfield>
  </datafield>
  <datafield tag="080" ind1=" " ind2=" ">
    <subfield code="a">TR/CD</subfield>
  </datafield>
  <datafield tag="082" ind1=" " ind2="4">
    <subfield code="a">150</subfield>
  </datafield>
  <datafield tag="100" ind1="1" ind2="0">
    <subfield code="a">Delgado Galeano, Mateo</subfield>
    <subfield code="4">aut</subfield>
    <subfield code="e">aut</subfield>
    <subfield code="9">763364</subfield>
  </datafield>
  <datafield tag="245" ind1="1" ind2="3">
    <subfield code="a">La toxicomania entre la ambivalencia de ser un paliativo a la existencia o una compulsi&#xF3;n a la repetici&#xF3;n</subfield>
  </datafield>
  <datafield tag="260" ind1=" " ind2=" ">
    <subfield code="a">El Carmen de Viboral :</subfield>
    <subfield code="b">Autor(a),</subfield>
    <subfield code="c">2017.</subfield>
  </datafield>
  <datafield tag="300" ind1=" " ind2=" ">
    <subfield code="a">1 CD-ROM</subfield>
  </datafield>
  <datafield tag="520" ind1="3" ind2=" ">
    <subfield code="a">RESUMEN : El trabajo de grado "la toxicoman&#xED;a entre la ambivalencia de ser un paliativo a la existencia o una compulsi&#xF3;n a la repetici&#xF3;n" es una investigaci&#xF3;n documental, El presente trabajo est&#xE1; enfocado desde la perspectiva psicoanal&#xED;tica desde donde puede preguntarse acerca de las particularidades subjetivas que establecen los toxic&#xF3;manos sobre su experiencia y  el  estatuto que tiene la toxicoman&#xED;a desde la Teor&#xED;a Psicoanal&#xED;tica. En este sentido la presente propuesta pretende realizar una presentaci&#xF3;n conceptual de algunos textos de Freud, en los cuales se ocupa del tema, as&#xED; como un recorrido sobre las tesis que sobre la toxicoman&#xED;a se desarrollan hoy en d&#xED;a desde el psicoan&#xE1;lisis de orientaci&#xF3;n Lacaniana, para analizar desde all&#xED; los temas claves sobre la experiencia t&#xF3;xica. Ciertamente la tem&#xE1;tica de las drogas es un tema actual, en el cual se encuentran posiciones divididas y pol&#xE9;micas. No se pude hablar de la toxicoman&#xED;a como algo bueno o malo, porque ser&#xED;a un campo adscrito a discusiones morales, pues lo que se pretende con la realizaci&#xF3;n del documento, es abordar el tema de la droga desde  una &#xF3;ptica hist&#xF3;rica y psicoanal&#xED;tica, las cuales  orientan el trabajo y tienen un punto de convergencia que es  significativo para la comprensi&#xF3;n del fen&#xF3;meno de la droga y la conducta toxic&#xF3;mana. El punto en com&#xFA;n que tienen dichas perspectivas, la hist&#xF3;rica y la psicoanal&#xED;tica, es el car&#xE1;cter ambivalente que presenta el objeto droga</subfield>
  </datafield>
  <datafield tag="650" ind1=" " ind2=" ">
    <subfield code="a">Toxicomania</subfield>
    <subfield code="9">5449</subfield>
  </datafield>
  <datafield tag="650" ind1=" " ind2=" ">
    <subfield code="a">Toxicomanos</subfield>
    <subfield code="9">2443</subfield>
  </datafield>
  <datafield tag="650" ind1=" " ind2=" ">
    <subfield code="a">Teor&#xED;a psicoanal&#xED;tica</subfield>
    <subfield code="9">23083</subfield>
  </datafield>
  <datafield tag="650" ind1=" " ind2="7">
    <subfield code="a">Abuso de drogas</subfield>
    <subfield code="2">lemb</subfield>
    <subfield code="9">106742</subfield>
  </datafield>
  <datafield tag="700" ind1="1" ind2="0">
    <subfield code="a">Mej&#xED;a Luna, Eduardo</subfield>
    <subfield code="4">ths</subfield>
    <subfield code="e">ths</subfield>
    <subfield code="9">238752</subfield>
  </datafield>
  <datafield tag="856" ind1="4" ind2=" ">
    <subfield code="u">https://bibliotecadigital.udea.edu.co/handle/10495/14309</subfield>
  </datafield>
  <datafield tag="942" ind1=" " ind2=" ">
    <subfield code="c">TESIS</subfield>
  </datafield>
  <datafield tag="999" ind1=" " ind2=" ">
    <subfield code="c">766898</subfield>
    <subfield code="d">766898</subfield>
  </datafield>
  <datafield tag="502" ind1=" " ind2=" ">
    <subfield code="b">105</subfield>
    <subfield code="c">12</subfield>
  </datafield>
  <datafield tag="526" ind1=" " ind2=" ">
    <subfield code="a">106</subfield>
  </datafield>
  <datafield tag="952" ind1=" " ind2=" ">
    <subfield code="0">0</subfield>
    <subfield code="1">0</subfield>
    <subfield code="4">0</subfield>
    <subfield code="7">0</subfield>
    <subfield code="8">DIGITAL</subfield>
    <subfield code="a">CISH</subfield>
    <subfield code="b">CISH</subfield>
    <subfield code="d">2017-11-27</subfield>
    <subfield code="e">Material adquirido por donaci&#xF3;n</subfield>
    <subfield code="i">C1273973</subfield>
    <subfield code="l">0</subfield>
    <subfield code="o">TR/CD-12570</subfield>
    <subfield code="p">15988076</subfield>
    <subfield code="r">2023-05-04 00:00:00</subfield>
    <subfield code="t">1</subfield>
    <subfield code="w">2023-05-04</subfield>
    <subfield code="y">DIGITAL</subfield>
  </datafield>
  <datafield tag="952" ind1=" " ind2=" ">
    <subfield code="0">0</subfield>
    <subfield code="1">0</subfield>
    <subfield code="2">ddc</subfield>
    <subfield code="4">0</subfield>
    <subfield code="7">0</subfield>
    <subfield code="8">DIGITAL</subfield>
    <subfield code="a">CARME</subfield>
    <subfield code="b">CARME</subfield>
    <subfield code="d">2018-06-29</subfield>
    <subfield code="e">Material adquirido por donaci&#xF3;n</subfield>
    <subfield code="f">DONA</subfield>
    <subfield code="g">10000.00</subfield>
    <subfield code="i">C1288700</subfield>
    <subfield code="l">0</subfield>
    <subfield code="o">150.195 D352 CD-ROM</subfield>
    <subfield code="p">1040841</subfield>
    <subfield code="r">2025-01-21 00:00:00</subfield>
    <subfield code="t">2</subfield>
    <subfield code="w">2023-05-04</subfield>
    <subfield code="y">DIGITAL</subfield>
  </datafield>
</record>
